Top 30 most popular Balkan songs by views - Statistics

General Stats
  • This quiz has been taken 101 times
  • The average score is 14 of 30
Answer Stats
Hint Answer % Correct
Mc Stojan #2 La miami
80%
Milica Todorovic #1 Moje zlato
80%
Severina, ministarke #4 Uno momento
72%
Jala brat, Buba Coreli, Coby #5 Ona e
69%
Teodora, Devito #11 Vudu
65%
Maya berovic, Buba coreli #3 Pravo vreme
58%
Milica todorovic #10 Tri case
57%
Severina, Jala Brat #12 Otrove
56%
Buba Coreli, Jala brat, Senidah #8 Kamikaza
55%
Tijana em #14 Zena od sultana
55%
Mili #29 Grmi
53%
Mile Kitic #6 Kilo gore kilo dole
51%
Senidah, Raf camora #25 100 %
49%
Senidah #30 Misici
49%
Mc Stojan, Huricane #27 Tuturutu
49%
Buba Coreli, Jala Brat #9 Klinka
48%
Sasa Matic, Aleksandra Prijovic #18 Ko si ti
48%
Buba coreli #7 Balenciaga
45%
Huricane #17 Favorito
45%
Rasta #16 Euforija
44%
Anastasija #19 Rane
44%
Nedeljko Bajic Baja #28 Snovi od stakla
44%
THCF, Coby #20 Krvavi balkan
40%
Stoja #15 Bela ciganka
39%
Milan Stankovic, Jala Brat #21 Ego
35%
Ppedja Medenica #13 Dodjes mi u san
28%
Sasa Kovacevic #23 Slucajno
26%
Ceca #26 Trepni
26%
Jala brat #24 Mlada i luda
24%
Emina, Milica todorovic #22 Limunda
7%
No matching quizzes found
Score Distribution
Percent of People with Each Score
Percentile by Number Answered
Your Score History
You have not taken this quiz